Conditionals

Saved in:
Bibliografiske detaljer
Hovedforfatter: Abbott, G. W (Author)
Format: Bog
Sprog:engelsk
Udgivet: Londres Longmans, Green and Co 1969
Udgivelse:1a. ed
Serier:Longman's Elements of English Series
Fag:
Tags: Tilføj Tag
Ingen Tags, Vær først til at tagge denne postø!

MARC

LEADER 00000cam a2200000 a 4500
001 UCG8430
003 CL-VaPUC
008 111212e19690000UK |||||||||||||||||eng|d
082 0 4 |a 425  |b ABB  |2 21 
100 0 |a Abbott, G. W  |e author  |9 559473 
245 1 0 |a Conditionals 
250 |a 1a. ed 
300 |a 64 p 
942 |c BK 
945 |d 20111212 00:00:00  |a cmena 
260 |a Londres  |b Longmans, Green and Co  |c 1969 
650 0 |a Lengua inglesa  |9 318842 
650 0 |a Gramática inglesa  |9 392981 
650 7 |a CONDICIONALES  |2 CL-VaPUC  |9 559474 
583 |a last modification  |c 20111212 13:13:00  |k Rodrigo Vera 
490 0 |a Longman's Elements of English Series 
999 |c 346040  |d 346038 
952 |0 0  |1 0  |4 0  |6 425_000000000000000_ABB_1969  |7 0  |8 A  |9 446508  |a BIBEDU  |b BIBEDU  |d 2019-11-22  |i 4809467  |o 425 ABB 1969  |p 4809467  |r 2019-11-22  |w 2019-11-22  |y BK  |k LIT